[Event "Aeroflot Open"]
[Site "Moscow RUS"]
[Date "2002.02.07"]
[Round "4"]
[White "Sulskis,S"]
[Black "Riazantsev,A"]
[Result "1-0"]
[WhiteElo "2579"]
[BlackElo "2511"]
[EventDate "2002.02.04"]

1. e4 e6 2. d4 d5 3. Nc3 Bb4 4. e5 c5 5. a3 Bxc3+ 6. bxc3 Ne7 7. Nf3 Bd7 8.
a4 Qa5 9. Bd2 Nbc6 10. Bb5 f6 11. exf6 gxf6 12. O-O c4 13. Nh4 O-O-O 14.
Qf3 Rdf8 15. Bh6 Rf7 16. Rfe1 Nd8 17. g3 Ng6 18. Ng2 Re8 19. h4 a6 20.
Bxd7+ Kxd7 21. Bc1 Qc7 22. Ba3 Kc8 23. h5 Ne7 24. Nf4 Qd7 25. Bc5 Nec6 26.
Re3 Rg7 27. Rae1 Rgg8 28. h6 f5 29. Bb6 Qf7 30. a5 Qd7 31. Kf1 Qf7 32. Kg2
Rh8 33. Qh5 Qd7 34. Bxd8 Nxd8 35. Re5 Ref8 36. Nxe6 Nxe6 37. Rxe6 f4 38.
Re7 Qd8 39. Qe5 fxg3 40. fxg3 Qxa5 41. Qe6+ Kb8 42. Rb1 1-0

[Event "Aeroflot Open"]
[Site "Moscow RUS"]
[Date "2002.02.07"]
[Round "4"]
[White "Minasian,Art"]
[Black "Ulko,J"]
[Result "1-0"]
[WhiteElo "2576"]
[BlackElo "2484"]
[EventDate "2002.02.04"]

1. g3 c5 2. Bg2 Nc6 3. e4 g6 4. f4 Bg7 5. d3 d6 6. Nf3 e6 7. O-O Nge7 8. c3
O-O 9. Be3 b6 10. Re1 Bb7 11. d4 Na5 12. Bf2 Rc8 13. Qe2 Re8 14. Na3 cxd4
15. cxd4 Qd7 16. Rad1 Qa4 17. Bh3 d5 18. e5 Nc4 19. Nxc4 dxc4 20. Bg2 a5
21. Rc1 Nd5 22. Nd2 Qxa2 23. Ne4 Red8 24. Nd6 Rc7 25. Nxb7 Rxb7 26. Rxc4
Rbd7 27. Rec1 Bf8 28. h4 h5 29. Rc6 Qb3 30. Be4 Qa2 31. Bd3 Nb4 32. Bc4 Qa4
33. Bb5 Qa2 34. Rxb6 Ra7 35. Bc4 Qa4 36. Bb5 Qa2 37. Bc4 Qa4 38. f5 gxf5
39. Qxh5 Rc8 40. Kg2 Qd7 41. Qg5+ Bg7 42. Be2 Rac7 43. Rd6 1-0

[Event "Aeroflot Open"]
[Site "Moscow RUS"]
[Date "2002.02.07"]
[Round "4"]
[White "Pogorelov,R"]
[Black "Korotylev,A"]
[Result "1-0"]
[WhiteElo "2460"]
[BlackElo "2564"]
[EventDate "2002.02.04"]

1. Nf3 Nf6 2. c4 c6 3. Nc3 d5 4. d4 e6 5. Bg5 h6 6. Bxf6 Qxf6 7. g3 Nd7 8.
Bg2 Qd8 9. O-O Be7 10. Qd3 O-O 11. e4 dxe4 12. Qxe4 Nf6 13. Qe2 Qc7 14.
Rfe1 Rd8 15. a3 Bf8 16. b4 a5 17. c5 b5 18. Qb2 a4 19. Ne5 Nd5 20. Re2 Bd7
21. Rae1 Be8 22. Be4 Ne7 23. Rd2 g6 24. Bb1 Bg7 25. f4 Rac8 26. Ne4 Nf5 27.
Qc3 Ne7 28. Nd6 Rxd6 29. cxd6 Qxd6 30. Qc5 Qd8 31. Be4 Bf8 32. Qc3 Qb6 33.
Kg2 Rd8 34. Rc1 Rd6 35. Qe3 Bg7 36. Rc5 Qd8 37. Qf2 Bh8 38. g4 Bg7 39. h4
Nd5 40. Bxd5 Rxd5 41. Rxd5 Qxd5+ 42. Qf3 Qd6 43. g5 h5 44. Qe4 Qc7 45. Rc2
Qd8 46. Kf3 Kh7 47. Ke3 Qc8 48. Nxc6 e5 49. Nxe5 Qh3+ 50. Qf3 Qxh4 51. Rc1
Qh2 52. Rc8 Qg1+ 53. Qf2 Qa1 54. Rxe8 Qxa3+ 55. Ke4 Qxb4 56. f5 Qb1+ 57.
Kd5 Qb3+ 58. Kc6 a3 59. fxg6+ fxg6 60. Re7 a2 61. Rxg7+ Kxg7 62. Qf6+ Kg8
63. Qxg6+ Kh8 64. Qxh5+ Kg7 65. Qh6+ Kg8 66. Qg6+ Kh8 67. Nf7+ Qxf7 68.
Qxf7 a1=Q 69. Qf6+ Kg8 70. Kc5 Qa7+ 71. Kxb5 1-0

[Event "Aeroflot Open"]
[Site "Moscow RUS"]
[Date "2002.02.07"]
[Round "4"]
[White "Izoria,Z"]
[Black "Shushpanov,R"]
[Result "1/2-1/2"]
[WhiteElo "2547"]
[BlackElo "2460"]
[EventDate "2002.02.04"]

1. Nf3 Nf6 2. c4 c5 3. Nc3 Nc6 4. g3 e5 5. Bg2 Be7 6. O-O O-O 7. d3 d6 8.
Bg5 Ne8 9. Bxe7 Qxe7 10. a3 Nc7 11. Nd2 a5 12. Nd5 Nxd5 13. cxd5 Nb8 14. b3
b5 15. a4 b4 16. f4 exf4 17. gxf4 Ba6 18. Ne4 Nd7 19. Qd2 Rae8 20. Rae1 Nf6
21. Ng3 Ng4 22. Rf3 f5 23. e3 1/2-1/2

[Event "Aeroflot Open"]
[Site "Moscow RUS"]
[Date "2002.02.07"]
[Round "4"]
[White "Lastin,A"]
[Black "Kim,A"]
[Result "1-0"]
[WhiteElo "2630"]
[BlackElo "2414"]
[EventDate "2002.02.04"]

1. d4 f5 2. g3 Nf6 3. Bg2 g6 4. Nf3 Bg7 5. b4 O-O 6. Bb2 c6 7. Nbd2 d5 8.
c4 a5 9. bxa5 Qxa5 10. O-O e6 11. Qc2 Nbd7 12. a4 Qd8 13. e3 Ne4 14. Rfc1
g5 15. Ba3 Rf7 16. cxd5 exd5 17. Bb4 h6 18. Ra2 Rf6 19. a5 Bf8 20. Bxf8
Nxf8 21. Rca1 Ng6 22. Ne1 Qf8 23. Nd3 Ne7 24. Ne5 Nxd2 25. Qxd2 f4 26. exf4
gxf4 27. Re1 fxg3 28. hxg3 Qg7 29. Qb4 Nf5 30. Rae2 Rf8 31. Nf3 Qc7 32. g4
Qd6 33. Qd2 Ng7 34. Ne5 Bd7 35. Nxd7 Qxd7 36. f3 Qd6 37. Re7 Rf7 38. R7e5
Raf8 39. Qd3 Qb4 40. Qe3 Qxa5 41. Qxh6 Qc3 42. Qe3 Qxe3+ 43. R1xe3 b5 44.
Kf2 Rf4 45. Rc3 Rxd4 46. Rxc6 Rxg4 47. Rxd5 b4 48. Bf1 Rgf4 49. Be2 Rb8 50.
Rd7 b3 51. Rg6 b2 52. Rgxg7+ Kf8 53. Rh7 Ke8 54. Rde7+ 1-0

[Event "Aeroflot Open"]
[Site "Moscow RUS"]
[Date "2002.02.07"]
[Round "4"]
[White "Guseinov,K"]
[Black "Filippov,V"]
[Result "0-1"]
[WhiteElo "2527"]
[BlackElo "2625"]
[EventDate "2002.02.04"]

1. e4 e6 2. Nf3 d5 3. Nc3 d4 4. Ne2 c5 5. d3 Nc6 6. g3 Bd6 7. Bg2 Nge7 8.
O-O O-O 9. h4 e5 10. Nd2 Be6 11. f4 f5 12. exf5 Nxf5 13. Ne4 Ne3 14. Bxe3
dxe3 15. fxe5 Bxe5 16. Ng5 Qd6 17. Nc3 Rxf1+ 18. Qxf1 Rf8 19. Qe2 Bxc3 20.
Qh5 Bf5 21. bxc3 h6 22. Nf3 Qxg3 23. Rf1 0-1

[Event "Aeroflot Open"]
[Site "Moscow RUS"]
[Date "2002.02.07"]
[Round "4"]
[White "Kobalia,M"]
[Black "Kuzmin,G"]
[Result "1/2-1/2"]
[WhiteElo "2620"]
[BlackElo "2527"]
[EventDate "2002.02.04"]

1. e4 d6 2. d4 Nf6 3. Nc3 g6 4. Bg5 c6 5. Qd2 h6 6. Bh4 Bg7 7. f4 O-O 8.
O-O-O b5 9. e5 b4 10. Na4 Nd5 11. Bc4 Qa5 12. Bb3 Nd7 13. Ne2 Ba6 14. c4
Bxc4 15. Bxc4 Qxa4 16. Rhf1 N7b6 17. Bb3 Qb5 18. Rf3 Nc4 19. Qd3 1/2-1/2

[Event "Aeroflot Open"]
[Site "Moscow RUS"]
[Date "2002.02.07"]
[Round "4"]
[White "Magomedov,M"]
[Black "Vasiukov,E"]
[Result "0-1"]
[WhiteElo "2596"]
[BlackElo "2524"]
[EventDate "2002.02.04"]

1. e4 c5 2. Nf3 d6 3. d4 cxd4 4. Nxd4 Nf6 5. Nc3 Nc6 6. Bg5 Qb6 7. Nb3 e6
8. Qd2 a6 9. O-O-O Be7 10. f3 O-O 11. Be3 Qc7 12. g4 b5 13. g5 Nd7 14. h4
Nce5 15. f4 b4 16. Nd5 exd5 17. fxe5 Nxe5 18. exd5 Bg4 19. Be2 Nc4 20. Bxc4
Bxd1 21. Bd3 Bf3 22. Rf1 Bxd5 23. Bxh7+ Kxh7 24. Qxd5 Rac8 25. Nd4 Qc4 26.
Qf5+ g6 27. Qh3 Kg7 28. Qf3 0-1

[Event "Aeroflot Open"]
[Site "Moscow RUS"]
[Date "2002.02.07"]
[Round "4"]
[White "Lugovoi,A"]
[Black "Vescovi,G"]
[Result "0-1"]
[WhiteElo "2510"]
[BlackElo "2590"]
[EventDate "2002.02.04"]

1. d4 Nf6 2. c4 e6 3. Nc3 d5 4. Nf3 Be7 5. Bg5 O-O 6. e3 h6 7. Bxf6 Bxf6 8.
b4 c6 9. Qb3 Nd7 10. Rd1 a5 11. b5 a4 12. Qc2 Qa5 13. Be2 cxb5 14. cxb5 Nb6
15. O-O Bd7 16. Qb2 Rfc8 17. Rc1 Nc4 18. Bxc4 Rxc4 19. Nd2 Rc7 20. a3 Rac8
21. Ndb1 Be7 22. g3 Bxb5 23. Nxb5 Rxc1 24. Rxc1 Rxc1+ 25. Qxc1 Qxb5 26. Qc2
Qc4 27. Qb2 b5 28. h4 b4 29. axb4 Bxb4 30. Kg2 h5 31. Kf3 g6 32. Kg2 Kg7
33. Kf3 Kf6 34. Kg2 Qb3 35. Qxb3 axb3 36. Kf1 Kf5 37. f3 f6 38. Ke2 Bd6 39.
Kf2 e5 40. Nd2 b2 41. dxe5 Bb4 42. Nb1 fxe5 43. Ke2 e4 44. Kf2 Ke5 45. Ke2
exf3+ 46. Kxf3 Kf5 47. Kf2 Kg4 0-1

[Event "Aeroflot Open"]
[Site "Moscow RUS"]
[Date "2002.02.07"]
[Round "4"]
[White "Postny,E"]
[Black "Socko,B"]
[Result "1/2-1/2"]
[WhiteElo "2491"]
[BlackElo "2585"]
[EventDate "2002.02.04"]

1. d4 Nf6 2. c4 g6 3. Nc3 Bg7 4. e4 d6 5. f3 O-O 6. Be3 a6 7. Qd2 Nbd7 8.
O-O-O c6 9. Bh6 e5 10. Bxg7 Kxg7 11. g4 b5 12. h4 Qe7 13. h5 Nb6 14. c5
dxc5 15. dxe5 Qxe5 16. f4 Qe7 17. hxg6 fxg6 18. g5 Ng4 19. Re1 b4 20. Nd1
Qf7 21. f5 Qxa2 22. Qd6 Qa1+ 23. Kd2 Bxf5 24. Qe7+ Rf7 25. Rxh7+ Kxh7 26.
Qxf7+ Kh8 27. exf5 Rd8+ 28. Bd3 Rxd3+ 29. Kxd3 Ne5+ 30. Rxe5 Qxd1+ 31. Ke4
Qg4+ 32. Kd3 Qd1+ 33. Ke4 Qg4+ 34. Kd3 Qd1+ 1/2-1/2

[Event "Aeroflot Open"]
[Site "Moscow RUS"]
[Date "2002.02.07"]
[Round "4"]
[White "Podgaets,M"]
[Black "Kovalev,A"]
[Result "1/2-1/2"]
[WhiteElo "2490"]
[BlackElo "2575"]
[EventDate "2002.02.04"]

1. d4 Nf6 2. Nf3 g6 3. g3 Bg7 4. Bg2 O-O 5. O-O d6 6. c4 Nbd7 7. Nc3 e5 8.
e4 exd4 9. Nxd4 Nc5 10. h3 Re8 11. Re1 a5 12. Ndb5 Bd7 13. Bf4 Bxb5 14.
cxb5 Nh5 15. Be3 Bxc3 16. bxc3 Nxe4 17. Qd5 Nhf6 18. Qxb7 Rb8 19. Qa6 Ra8
20. Qc6 Re6 21. Bf4 Qe8 22. Qxe8+ Raxe8 23. c4 Nd7 24. h4 Nec5 25. Bd2 a4
26. Rxe6 fxe6 27. Be3 Rb8 28. Rd1 Kf8 29. Bf3 Ke7 30. Kg2 Nf8 31. Bg5+ Ke8
32. Bf6 Kf7 1/2-1/2

[Event "Aeroflot Open"]
[Site "Moscow RUS"]
[Date "2002.02.07"]
[Round "4"]
[White "Galkin,A"]
[Black "Prokopchuk,E"]
[Result "1/2-1/2"]
[WhiteElo "2570"]
[BlackElo "2508"]
[EventDate "2002.02.04"]

1. e4 e5 2. Nf3 Nc6 3. Bb5 a6 4. Ba4 Nf6 5. O-O b5 6. Bb3 Bc5 7. a4 Rb8 8.
c3 d6 9. d4 Bb6 10. Na3 O-O 11. axb5 axb5 12. Nxb5 exd4 13. cxd4 Bg4 14.
Ra3 Re8 15. Re1 d5 16. e5 Ne4 17. Be3 Ba5 18. Na7 Bxf3 19. Qxf3 Nxd4 20.
Bxd4 Bxe1 21. Nc6 Qd7 22. Nxb8 Rxb8 23. Ra7 Bb4 24. Ba4 Qe7 25. Qe3 h6 26.
Bc6 Bc5 27. Bxc5 Nxc5 28. Bxd5 Rxb2 29. Ra8+ Kh7 30. h3 Rb4 31. Qc3 Rb6 32.
Qc2+ g6 33. Bxf7 Qxe5 34. Bg8+ Kg7 35. Ba2 Rf6 36. Rg8+ Kh7 37. Rc8 Qe1+
38. Kh2 Qe5+ 39. g3 h5 40. f4 Qd6 41. h4 Qe7 42. Qb2 Nd3 43. Qc2 Nc5 44.
Qc4 Re6 45. Qd4 Rf6 46. Rxc7 Qxc7 47. Qxf6 Ne4 48. Qb2 Qa7 49. Bd5 Qf2+ 50.
Qxf2 Nxf2 51. Kg2 Ng4 52. Be6 Nh6 53. Kf3 Kg7 54. Ke4 Kf6 55. Bh3 Ng8 56.
Kd5 1/2-1/2

[Event "Aeroflot Open"]
[Site "Moscow RUS"]
[Date "2002.02.07"]
[Round "4"]
[White "Bagirov,R"]
[Black "Kosyrev,V"]
[Result "1/2-1/2"]
[WhiteElo "2471"]
[BlackElo "2565"]
[EventDate "2002.02.04"]

1. d4 e6 2. c4 d5 3. Nc3 Nf6 4. Nf3 Bb4 5. Bg5 dxc4 6. e4 c5 7. e5 cxd4 8.
Qa4+ Nc6 9. O-O-O Bd7 10. Ne4 Be7 11. exf6 gxf6 12. Bh4 Rc8 13. Kb1 Na5 14.
Qc2 e5 15. Nxd4 exd4 16. Rxd4 Qb6 17. Rd6 Rc6 18. Bxf6 Rxd6 19. Bxh8 Bf5
20. Be2 Re6 21. Bf3 Bg6 22. Bc3 Nc6 23. Re1 Nb4 24. Qa4+ Kf8 25. Re2 f5 26.
Nc5 Bxc5 27. Rxe6 f4+ 28. Rxg6 Qxg6+ 29. Kc1 b5 30. Qd1 Nd3+ 31. Kb1 Nb4+
32. Kc1 Nxa2+ 33. Kd2 Nxc3 34. Kxc3 Qf6+ 35. Kc2 Bxf2 36. Qd5 Be3 37. Qa8+
Kg7 38. Qb7+ Qf7 39. Qxf7+ Kxf7 40. Bc6 1/2-1/2

[Event "Aeroflot Open"]
[Site "Moscow RUS"]
[Date "2002.02.07"]
[Round "4"]
[White "Dvoirys,S"]
[Black "Tunik,G"]
[Result "0-1"]
[WhiteElo "2563"]
[BlackElo "2469"]
[EventDate "2002.02.04"]

1. e4 c5 2. Nf3 e6 3. c3 Nf6 4. e5 Nd5 5. d4 cxd4 6. cxd4 d6 7. Bc4 dxe5 8.
dxe5 Nc6 9. O-O Nb6 10. Qxd8+ Nxd8 11. Bb5+ Bd7 12. Nc3 Bb4 13. Bxd7+ Nxd7
14. Nb5 O-O 15. Rd1 Nb6 16. a3 Be7 17. Be3 Nd5 18. Bxa7 Nc6 19. Bd4 f6 20.
Rac1 Rfc8 21. Kf1 Kf7 22. exf6 gxf6 23. Bc5 Ra5 24. Nd6+ Bxd6 25. Bxd6 Raa8
26. Nd2 Na5 27. b4 Rxc1 28. Rxc1 Nc6 29. Nc4 Nd4 30. Bc5 Nb5 31. Ra1 Ra4
32. g3 e5 33. Ke2 Ke6 34. Kd3 Nbc7 35. Kc2 Ra6 36. Kb3 b6 37. Bf8 Nb5 38.
Bh6 Nd4+ 39. Kb2 b5 40. Na5 Nb6 41. Rc1 Na4+ 42. Ka2 Nf5 43. Bd2 Rd6 44.
Nb3 Rd3 45. Be1 Nd4 46. Nc5+ Nxc5 47. bxc5 Kd5 48. Bb4 Kc6 49. Rb1 f5 50.
Kb2 Rf3 51. Rf1 h5 52. h4 f4 53. gxf4 Rxf4 54. Rg1 Rxf2+ 55. Kb1 Kd5 56.
Rg5 Rf5 57. Bc3 Rxg5 58. hxg5 Nc6 59. Kc2 h4 60. Be1 h3 61. Bg3 Kxc5 62.
Kd3 Kd5 63. Ke3 Nd4 64. g6 Nf5+ 65. Kf3 Ke6 66. Bh2 Nh4+ 67. Kg4 Nxg6 68.
Kxh3 Kf5 69. Kg3 Ke4 70. Kf2 Kd3 71. Ke1 e4 72. Kd1 Ne7 73. Bg3 Nf5 74. Bf2
Ne3+ 75. Kc1 Nc4 76. Bc5 e3 77. Kb1 e2 78. Bf2 Nxa3+ 79. Kb2 Nc4+ 80. Kb3
Kd2 81. Kb4 Nd6 0-1

[Event "Aeroflot Open"]
[Site "Moscow RUS"]
[Date "2002.02.07"]
[Round "4"]
[White "Geller,J"]
[Black "Turov,M"]
[Result "1/2-1/2"]
[WhiteElo "2417"]
[BlackElo "2563"]
[EventDate "2002.02.04"]

1. e4 c6 2. d4 d5 3. exd5 cxd5 4. c4 Nf6 5. Nc3 e6 6. Nf3 Be7 7. cxd5 Nxd5
8. Bd3 O-O 9. O-O Nc6 10. Re1 Bf6 11. Be4 Nce7 12. Ne5 Nc6 13. Nf3 Nce7 14.
Ne5 Nc6 1/2-1/2

[Event "Aeroflot Open"]
[Site "Moscow RUS"]
[Date "2002.02.07"]
[Round "4"]
[White "Shchekachev,A"]
[Black "Shinkevich,V"]
[Result "1/2-1/2"]
[WhiteElo "2573"]
[BlackElo "2480"]
[EventDate "2002.02.04"]

1. Nf3 Nf6 2. c4 c6 3. d4 d5 4. Nc3 e6 5. Bg5 h6 6. Bxf6 Qxf6 7. g3 Nd7 8.
Bg2 dxc4 9. O-O Qd8 10. e3 Be7 11. Qe2 b5 12. a4 Rb8 13. axb5 cxb5 14. Rxa7
O-O 15. Rfa1 Bb4 16. Qc2 Qb6 17. Nd2 Nf6 18. h4 Bb7 19. Bxb7 Rxb7 20. R1a6
Qxa7 21. Rxa7 Rxa7 22. Nxb5 Ra1+ 23. Kg2 Bxd2 24. Qxd2 Ra6 25. Qc2 Rc8 26.
e4 Rb6 27. Nc3 Rcb8 28. Nd1 Rb4 29. f3 Ne8 30. g4 Nd6 31. Kg3 Nb5 32. Qd2
Rb3 33. d5 e5 34. Qa5 Nd4 35. Nc3 Rxb2 36. d6 Rc2 37. Qxe5 Ne6 38. Nd5 Rbb2
39. d7 Rg2+ 40. Kh3 Rh2+ 41. Qxh2 Rxh2+ 42. Kxh2 f6 43. Kg3 Kf7 44. f4 c3
45. Nxc3 Ke7 46. h5 Kxd7 47. Kf3 Nd4+ 48. Ke3 Ne6 49. Ne2 Ke7 50. Nd4 Nc5
51. Nf3 Ne6 52. Nh4 Kf7 53. Ng6 Nc7 54. Kd4 Nb5+ 55. Kc4 Nc7 56. Kd3 Nb5
57. Nh4 Nc7 58. Kc4 Ke8 59. Ng6 Kf7 60. Nh4 1/2-1/2

[Event "Aeroflot Open"]
[Site "Moscow RUS"]
[Date "2002.02.07"]
[Round "4"]
[White "Beshukov,S"]
[Black "Gershon,A"]
[Result "1-0"]
[WhiteElo "2465"]
[BlackElo "2558"]
[EventDate "2002.02.04"]

1. e4 c5 2. Nf3 d6 3. d4 cxd4 4. Nxd4 Nf6 5. Nc3 Nc6 6. Bc4 Qb6 7. Nb3 e6
8. O-O Be7 9. Be3 Qc7 10. Bd3 a6 11. f4 b5 12. Qf3 Bb7 13. Qh3 h5 14. a4 b4
15. Nd1 d5 16. e5 Ng4 17. Bd2 g6 18. a5 d4 19. Be2 Nh6 20. Nf2 Nf5 21. Nd3
Rd8 22. Ndc5 Ba8 23. Nxa6 Qa7 24. Qd3 Rc8 25. Ra4 h4 26. Bf3 Bb7 27. Be2 h3
28. g4 Nh4 29. Nxb4 Nxb4 30. Bxb4 Qa8 31. Rf2 Bc6 32. Bxe7 Bxa4 33. Bf6
Bxb3 34. Qxb3 O-O 35. Qxh3 g5 1-0

[Event "Aeroflot Open"]
[Site "Moscow RUS"]
[Date "2002.02.07"]
[Round "4"]
[White "Shabanov,Y"]
[Black "Sadvakasov,D"]
[Result "1/2-1/2"]
[WhiteElo "2463"]
[BlackElo "2555"]
[EventDate "2002.02.04"]

1. e4 e6 2. d4 c5 3. Nf3 cxd4 4. Nxd4 Qb6 5. Nb3 Nc6 6. Bd3 Nf6 7. O-O Be7
8. Nc3 d6 9. a4 O-O 10. Be3 Qd8 11. f4 d5 12. e5 d4 13. Nxd4 Nxd4 14. exf6
Bxf6 15. Ne4 Nf5 16. Nxf6+ Qxf6 17. Bxf5 Qxf5 18. a5 1/2-1/2

[Event "Aeroflot Open"]
[Site "Moscow RUS"]
[Date "2002.02.07"]
[Round "4"]
[White "Miton,K"]
[Black "Erenburg,S"]
[Result "1-0"]
[WhiteElo "2521"]
[BlackElo "2436"]
[EventDate "2002.02.04"]

1. d4 d5 2. c4 c6 3. e3 Nf6 4. Nf3 Bf5 5. Nc3 e6 6. Nh4 Be4 7. f3 Bg6 8.
Qb3 Qb6 9. Nxg6 hxg6 10. Qxb6 axb6 11. cxd5 exd5 12. Kf2 b5 13. Bd3 Nbd7
14. h3 Be7 15. Bd2 Nb6 16. b3 O-O 17. a4 bxa4 18. Nxa4 Nbd7 19. b4 Ra7 20.
Nc5 Rfa8 21. Rxa7 Rxa7 22. Rc1 Nxc5 23. bxc5 Kf8 24. Rc2 Ke8 25. Rb2 Kd8
26. g4 Kc8 27. g5 Nd7 28. h4 Nf8 29. f4 Ra3 30. Bb4 Ra7 31. Be1 Ne6 32. Ke2
Bd8 33. Bf2 Bc7 34. Rb3 Ra1 35. Kf3 1-0

[Event "Aeroflot Open"]
[Site "Moscow RUS"]
[Date "2002.02.07"]
[Round "4"]
[White "Rashkovsky,N"]
[Black "Meshkov,Y"]
[Result "1-0"]
[WhiteElo "2505"]
[BlackElo "2407"]
[EventDate "2002.02.04"]

1. d4 Nf6 2. Nf3 c5 3. d5 b5 4. c4 bxc4 5. Nc3 d6 6. Nd2 g6 7. Nxc4 Bg7 8.
e4 O-O 9. Be2 Ba6 10. O-O Nbd7 11. Bd2 Nb6 12. b3 Nfd7 13. Na5 Bxe2 14.
Qxe2 Re8 15. Nc6 Qc8 16. Rac1 e6 17. Qf3 exd5 18. exd5 Ne5 19. Nxe5 Rxe5
20. Ne4 Rxd5 21. Bf4 Qe6 22. Rfe1 Be5 23. Nc3 Rd4 24. Ne2 Rb4 25. Bxe5 Qxe5
26. Nc3 Qf4 27. Qxf4 Rxf4 28. Ne4 Rd8 29. g3 Rf3 30. Red1 d5 31. Kg2 1-0

[Event "Aeroflot Open"]
[Site "Moscow RUS"]
[Date "2002.02.07"]
[Round "4"]
[White "Mirovshchikov,S"]
[Black "Inarkiev,E"]
[Result "1/2-1/2"]
[WhiteElo "2402"]
[BlackElo "2500"]
[EventDate "2002.02.04"]

1. Nf3 g6 2. e4 Bg7 3. d4 d6 4. c3 Nf6 5. Bd3 O-O 6. O-O c5 7. h3 Nfd7 8.
d5 a6 9. a4 Nf6 10. Be3 b6 11. Na3 e6 12. dxe6 Bxe6 13. Bc4 Nc6 14. Qd3 Qe8
15. Rad1 Rd8 16. Bxe6 fxe6 17. e5 dxe5 18. Qxa6 Nd5 19. Bg5 e4 20. Nh2 Ra8
21. Qc4 Ne5 22. Qxe4 Nxc3 23. bxc3 Rxa4 24. Qb7 Rxa3 25. Qxb6 Rxc3 26. Rd8
Qc6 27. Rxf8+ Kxf8 28. Qb8+ Kf7 29. Rd1 Ra3 30. Rd6 Ra8 31. Rxc6 Rxb8 32.
Rc7+ Kg8 33. Rxc5 Nd3 34. Rc4 Be5 35. Nf1 Kg7 36. Be3 Rb5 37. Ra4 Rb7 38.
Ra3 Nf4 39. Ra2 Nd5 40. Bd2 Bd4 41. Be3 Nxe3 42. Nxe3 Bxe3 43. fxe3 1/2-1/2

[Event "Aeroflot Open"]
[Site "Moscow RUS"]
[Date "2002.02.07"]
[Round "4"]
[White "Zilberman,Y"]
[Black "Shipov,S"]
[Result "1/2-1/2"]
[WhiteElo "2466"]
[BlackElo "2630"]
[EventDate "2002.02.04"]

1. d4 Nf6 2. c4 g6 3. Nc3 d5 4. Nf3 Bg7 5. Bg5 c5 6. Bxf6 Bxf6 7. cxd5 cxd4
8. Nxd4 Qb6 9. e3 Qxb2 10. Bb5+ Bd7 11. O-O O-O 12. Qc1 Qxc1 13. Raxc1 Rd8
14. Rfd1 Bxb5 15. Ndxb5 Nd7 16. Ne4 a6 17. Nc7 Rab8 18. f4 Bb2 19. Rb1 Ba3
20. d6 Bxd6 21. Nxd6 exd6 22. Rxd6 Nc5 23. Rd4 Rbc8 24. Nd5 Kg7 25. Nb6 Rb8
26. Rbd1 Re8 27. Rc4 Ne4 28. Rdd4 Nf6 29. e4 Rbd8 30. e5 Ng4 31. h3 Ne3 32.
Rb4 Nc2 33. Rxd8 Rxd8 34. Rb2 Ne3 35. a4 h5 36. Rb3 Nf5 37. g3 Rd4 38. h4
Rd1+ 39. Kf2 Rd2+ 40. Kf1 f6 41. Nc4 Rd7 42. exf6+ Kxf6 43. Rb6+ Kg7 44.
Ne5 Rd1+ 45. Ke2 Rd6 46. Rxb7+ Kf6 47. Kf3 1/2-1/2

[Event "Aeroflot Open"]
[Site "Moscow RUS"]
[Date "2002.02.07"]
[Round "4"]
[White "Kantsler,B"]
[Black "Vlassov,N"]
[Result "0-1"]
[WhiteElo "2519"]
[BlackElo "2454"]
[EventDate "2002.02.04"]

1. d4 Nf6 2. c4 g6 3. Nc3 d5 4. Nf3 Bg7 5. Qb3 dxc4 6. Qxc4 O-O 7. e4 a6 8.
e5 b5 9. Qb3 Nfd7 10. e6 fxe6 11. Be3 Nf6 12. a4 bxa4 13. Rxa4 Nd5 14. Bc4
c6 15. O-O Nd7 16. Raa1 N7b6 17. Bd3 a5 18. Bg5 Rxf3 19. gxf3 Bxd4 20. Be4
e5 21. Bxe7 Qxe7 22. Nxd5 cxd5 23. Bxd5+ Nxd5 24. Qxd5+ Kg7 25. f4 Bb7 26.
Qb5 Rf8 27. Ra3 Rxf4 28. Rg3 Qf7 29. Qe2 Qd5 0-1

[Event "Aeroflot Open"]
[Site "Moscow RUS"]
[Date "2002.02.07"]
[Round "4"]
[White "Korobov,A"]
[Black "Janssen,R"]
[Result "1-0"]
[WhiteElo "2511"]
[BlackElo "2476"]
[EventDate "2002.02.04"]

1. d4 Nf6 2. c4 c5 3. d5 e6 4. Nc3 exd5 5. cxd5 d6 6. Nf3 g6 7. Nd2 Nbd7 8.
e4 Bg7 9. Be2 O-O 10. O-O a6 11. a4 Rb8 12. Qc2 Ne8 13. Nc4 Ne5 14. Ne3 f5
15. f4 Ng4 16. Nxg4 fxg4 17. Be3 Nc7 18. a5 b5 19. axb6 Rxb6 20. Rad1 Rb4
21. e5 Bf5 22. Qc1 Nb5 23. Nxb5 axb5 24. Rfe1 g5 25. Bf1 gxf4 26. Bxf4 1-0

[Event "Aeroflot Open"]
[Site "Moscow RUS"]
[Date "2002.02.07"]
[Round "5"]
[White "Jobava,Ba"]
[Black "Tregubov,P"]
[Result "1/2-1/2"]
[WhiteElo "2556"]
[BlackElo "2626"]
[EventDate "2002.02.04"]

1. d4 d5 2. c4 e6 3. Nf3 c6 4. Bg5 Be7 5. Bxe7 Qxe7 6. e3 Nf6 7. Nc3 O-O 8.
Qc2 Nbd7 9. cxd5 Nxd5 10. Be2 Nxc3 11. Qxc3 c5 12. O-O b6 13. Rac1 Bb7 14.
dxc5 Rfc8 15. b4 bxc5 16. b5 1/2-1/2

[Event "Aeroflot Open"]
[Site "Moscow RUS"]
[Date "2002.02.07"]
[Round "5"]
[White "Moiseenko,A"]
[Black "Macieja,B"]
[Result "1-0"]
[WhiteElo "2559"]
[BlackElo "2612"]
[EventDate "2002.02.04"]

1. d4 Nf6 2. c4 e6 3. Nc3 Bb4 4. g3 c5 5. Nf3 Ne4 6. Qd3 Qa5 7. Qxe4 Bxc3+
8. Bd2 Bxd2+ 9. Nxd2 Nc6 10. d5 Nd4 11. Bg2 Nb3 12. Rd1 Qxa2 13. O-O Nxd2
14. Rxd2 O-O 15. dxe6 fxe6 16. Rfd1 Qa5 17. Qe5 Rf5 18. Qd6 Qb6 19. Qe7 Rf7
20. Qe8+ Rf8 21. Qh5 g6 22. Qh6 Rf7 23. Rd6 Qd8 24. Rxe6 Qf8 25. Qxf8+ Kxf8
26. Red6 Rb8 27. b3 Ke7 28. R6d5 b6 29. h4 Rf6 30. e4 d6 31. f4 Bg4 32. Ra1
a5 33. Kf2 Re8 34. Bf3 Be6 35. Rd2 Rff8 36. h5 g5 37. Ke3 gxf4+ 38. gxf4
Rg8 39. f5 Bf7 40. Kf4 Rd8 41. h6 Rd7 42. Bg4 Rdd8 43. Rad1 b5 44. f6+ Kxf6
45. Rxd6+ Rxd6 46. Rxd6+ Ke7 47. Rd7+ Ke8 48. Rc7 bxc4 49. bxc4 Rg6 50. Bh5
Rf6+ 51. Ke5 Re6+ 52. Kd5 Re7+ 53. Bxf7+ Rxf7 54. Rxf7 Kxf7 55. Kxc5 Ke6
56. Kb5 Kd6 57. c5+ 1-0

[Event "Aeroflot Open"]
[Site "Moscow RUS"]
[Date "2002.02.07"]
[Round "5"]
[White "Fedorov,Alex"]
[Black "Pogorelov,R"]
[Result "1-0"]
[WhiteElo "2589"]
[BlackElo "2460"]
[EventDate "2002.02.04"]

1. e4 e6 2. d4 d5 3. Nc3 Bb4 4. e5 c5 5. a3 Bxc3+ 6. bxc3 Qa5 7. Bd2 Qa4 8.
Qb1 c4 9. f4 Ne7 10. Nf3 Nbc6 11. g3 Bd7 12. Bh3 O-O-O 13. O-O Rdf8 14. Qb2
f5 15. exf6 gxf6 16. f5 e5 17. Bh6 Rf7 18. dxe5 Nxe5 19. Nd4 Rg8 20. Bg2
Qa5 21. a4 Ng4 22. Bf4 Qc5 23. Rfb1 b6 24. h3 Ne5 25. Kh2 Nxf5 26. a5 b5
27. Nxf5 Bxf5 28. Qxb5 Qxb5 29. Rxb5 Be4 30. Rab1 Rgg7 31. a6 Kd7 32. Bh6
Rg8 33. Rxd5+ Bxd5 34. Bxd5 Rc8 35. Rb7+ Rc7 36. Rxc7+ Kxc7 37. Bxf7 Nxf7
38. Be3 Ne5 39. Bxa7 Nf3+ 40. Kg2 Ne1+ 41. Kf2 Nxc2 42. g4 Na3 43. Ke3 Nb5
44. Bd4 Nd6 45. Bxf6 Kb6 46. Kd4 Kxa6 47. Kd5 1-0

[Event "Aeroflot Open"]
[Site "Moscow RUS"]
[Date "2002.02.07"]
[Round "5"]
[White "Tunik,G"]
[Black "Izoria,Z"]
[Result "1/2-1/2"]
[WhiteElo "2469"]
[BlackElo "2547"]
[EventDate "2002.02.04"]

1. d4 g6 2. Nf3 Bg7 3. c4 d6 4. Nc3 c5 5. dxc5 Bxc3+ 6. bxc3 dxc5 7. Qxd8+
Kxd8 8. g3 Nc6 9. Bg2 Nf6 10. Be3 Nd7 11. O-O f6 12. Rfd1 Kc7 13. Bf4+ e5
14. Be3 b6 15. Nd2 Bb7 16. f4 Rad8 17. Ne4 Na5 18. Nd6 Bxg2 19. Kxg2 Nb8
20. fxe5 fxe5 21. Nb5+ Kb7 22. Na3 Rd7 23. Rxd7+ Nxd7 24. Rf1 Rf8 25. Rxf8
Nxf8 26. Kf3 Kc6 27. Ke4 Nd7 28. Bg5 Nb7 29. Be7 a6 30. g4 Nd6+ 31. Bxd6
Kxd6 32. g5 Nf8 33. Nc2 Ne6 34. h4 Nf4 35. Kf3 b5 36. a3 bxc4 37. Ne3 Ke6
38. Nd1 Nd5 39. e4 Nb6 40. Ke3 1/2-1/2

[Event "Aeroflot Open"]
[Site "Moscow RUS"]
[Date "2002.02.07"]
[Round "5"]
[White "Asrian,K"]
[Black "Mchedlishvili,M"]
[Result "1/2-1/2"]
[WhiteElo "2599"]
[BlackElo "2527"]
[EventDate "2002.02.04"]

1. e4 c5 2. Nf3 d6 3. d4 cxd4 4. Nxd4 Nf6 5. Nc3 Nc6 6. Be2 e5 7. Nf3 h6 8.
O-O Be7 9. Re1 O-O 10. h3 Be6 11. Bf1 Qd7 12. Nd5 Bd8 13. c4 Nh7 14. b3 Ng5
15. Nxg5 Bxg5 16. Bxg5 hxg5 17. Nc3 a6 18. Qd2 g4 19. hxg4 Bxg4 20. Re3
Rad8 21. Rg3 f6 22. Nd5 Be6 23. Ne3 Nd4 24. Bd3 Kf7 25. Nc2 Nc6 26. Be2 Rh8
27. Rd1 Rh4 28. Rd3 Rdh8 29. f3 Qc7 30. Kf2 Rh1 31. Bf1 Qb6+ 32. Qe3 Qxe3+
33. Nxe3 Nd4 34. R3d2 Ke7 35. Nc2 Nxc2 36. Rxc2 Rd8 37. b4 Rc8 38. c5 dxc5
39. bxc5 Rc7 40. Rb2 Bc4 41. Rb6 Bxf1 42. Rxf1 Rxf1+ 43. Kxf1 1/2-1/2